000 00688nam a2200241 a 4500
001 45647
003 BD-RjUL
005 20211209054040.0
008 160727s1969 nyua b 001 0 eng
020 _a0471839809
035 _a(BD-RjUL)45765
040 _aDLC
_cDLC
_dDLC
_dBD-RjUL
_beng
041 _aeng
082 0 0 _a341
_223
_bSWI 1969
100 1 _aSwift, Richard N.
_9139730
245 0 0 _aInternational law: current and classic
_c[by] Richard N. Swift.
260 _aNew York :
_bJhon Wiley & sons,
_cc1969
300 _axxiii, 558 p. :
_bill. ;
_c23 cm.
500 _aInclude index
650 0 _aInternational law.
_9139731
942 _2ddc
_cBK
999 _c45647
_d45647